XXe Conférence Internationale de l'Instruction Publique, 1957. (Record no. 46012)
[ view plain ]
| 000 -LEADER | |
|---|---|
| campo de control de longitud fija | 00709nam a2200193 i 4500 |
| 001 - NÚMERO DE CONTROL | |
| campo de control | 46012 |
| 003 - IDENTIFICADOR DE NÚMERO DE CONTROL | |
| campo de control | ES-MaACL |
| 005 - FECHA Y HORA DE LA ÚLTIMA TRANSACCIÓN | |
| campo de control | 20230906161321.0 |
| 007 - CAMPO FIJO DE DESCRIPCIÓN FÍSICA--INFORMACIÓN GENERAL | |
| campo de control de longitud fija | t| |
| 008 - DATOS DE LONGITUD FIJA--INFORMACIÓN GENERAL | |
| campo de control de longitud fija | 030327s1957 fr ||||1| fre d |
| 111 2# - ENTRADA PRINCIPAL--NOMBRE DE CONGRESO/REUNIÓN | |
| Nombre de congreso/reunión o jurisdicción como elemento de entrada | Conférence Internationale de l'Instruction Publique ( |
| Número del congreso/reunión o número de parte o sección | 20ª. |
| Fecha del congreso o de la firma del tratado | 1957. |
| Sede del congreso/Lugar de la reunión | Ginebra) |
| 9 (RLIN) | 159 |
| 245 10 - MENCIÓN DEL TÍTULO | |
| Título | XXe Conférence Internationale de l'Instruction Publique, 1957. |
| 260 ## - PUBLICACIÓN, DISTRIBUCIÓN, ETC. | |
| Lugar de publicación, distribución, etc. | Paris : |
| Nombre del editor, distribuidor, etc. | UNESCO ; |
| Lugar de publicación, distribución, etc. | Genève : |
| Nombre del editor, distribuidor, etc. | Bureau International d'Education, |
| Fecha de publicación, distribución, etc. | 1957. |
| 300 ## - DESCRIPCIÓN FÍSICA | |
| Extensión | 174 p. |
| 490 1# - MENCIÓN DE SERIE | |
| Mención de serie | Publications du Bureau International d'Education ; |
| Designación de volumen o secuencia | 187 |
| 830 0# - PUNTO DE ACCESO ADICIONAL DE SERIE-TÍTULO UNIFORME | |
| Título uniforme | Publications du Bureau International d'Education ; |
| Designación de volumen o secuencia | 187 |
| 9 (RLIN) | 181740 |
| 852 ## - LOCALIZACIÓN | |
| Ubicación | ES-MaACL |
| Número de control de estantería | C-15341 |
| Sublocalización o colección | R.42983 |
| Estatus retirado | Estado de pérdida | Estado de daño | No para préstamo | Biblioteca de origen | Biblioteca actual | Ubicación en estantería | Fecha de adquisición | Fuente de adquisición | Total de préstamos | Signatura topográfica completa | Código de barras | Visto por última vez | Precio de reemplazo | Tipo de ítem Koha |
|---|---|---|---|---|---|---|---|---|---|---|---|---|---|---|
| Biblioteca del Ateneo de Madrid | Biblioteca del Ateneo de Madrid | Ficheros | 17/01/2008 | C-15341 | 1048407 | 23/02/2023 | 23/02/2023 | Libro impreso |
